[Event "6th EUR-ch (w)"]
[Site "Chisinau MDA"]
[Date "2005.06.16"]
[Round "6"]
[White "Kononenko, Tatiana"]
[Black "Purtseladze, Maka"]
[Result "1-0"]
[WhiteElo "2416"]
[BlackElo "2311"]
[EventDate "2005.06.10"]
[PlyCount "143"]

1.d4 Nf6 2.c4 e6 3.Nf3 b6 4.Nc3 Bb4 5.Bg5 Bb7 6.e3 h6 7.Bh4 g5 8.Bg3 Ne4 
9.Qc2 f5 10.Bd3 Bxc3+ 11.bxc3 d6 12.d5 Nc5 13.h4 g4 14.Nd4 Qf6 15.O-O O-O 
16.f3 gxf3 17.Rxf3 Nbd7 18.Nxe6 Nxd3 19.Nxf8 Rxf8 20.Qxd3 Nc5 21.Qc2 Bc8 
22.Raf1 Qg7 23.e4 Nxe4 24.Bf2 Qg4 25.Be1 Bd7 26.Rf4 Qg7 27.Kh1 h5 28.R1f3 
Nf6 29.Bf2 Ng4 30.g3 Re8 31.Rxf5 Bxf5 32.Qxf5 Rf8 33.Qe6+ Kh7 34.Bd4 Ne5 
35.Bxe5 dxe5 36.Rxf8 Qxf8 37.Kg2 Qg7 38.Kf3 a5 39.a4 Qf8+ 40.Ke4 Qc5 41.
Qd7+ Kg8 42.Qe8+ Kg7 43.Qxe5+ Kf8 44.Kd3 Qg1 45.Qf4+ Kg8 46.Qg5+ Kf7 47.
Qxh5+ Ke7 48.Qe5+ Kd7 49.h5 Qd1+ 50.Ke3 Qxa4 51.Qe6+ Kd8 52.d6 cxd6 53.
Qxd6+ Kc8 54.Qe6+ Kc7 55.Qe5+ Kc8 56.h6 Qc2 57.Qe8+ Kc7 58.Qe7+ Kb8 59.
Qd8+ Kb7 60.Qd7+ Ka6 61.h7 Qxc3+ 62.Kf2 Qc2+ 63.Kf3 Qc3+ 64.Kg2 Qh8 65.Kh3
Qf8 66.Kg4 Qh8 67.Kf5 Qf8+ 68.Kg6 Qa8 69.Kg7 Qf3 70.Qc8+ Ka7 71.Qc7+ Ka6 
72.h8=Q 1-0

[Event "6th EUR-ch (w)"]
[Site "Chisinau MDA"]
[Date "2005.06.16"]
[Round "6"]
[White "Slavina, Irina"]
[Black "Petrenko, Svetlana"]
[Result "1/2-1/2"]
[WhiteElo "2415"]
[BlackElo "2348"]
[EventDate "2005.06.10"]
[PlyCount "49"]

1.d4 Nf6 2.c4 g6 3.Nc3 d5 4.cxd5 Nxd5 5.Bd2 Bg7 6.e4 Nb6 7.Be3 c6 8.Be2 
Be6 9.Nf3 O-O 10.b3 c5 11.Rc1 cxd4 12.Nxd4 Bd7 13.O-O Nc6 14.Ndb5 Nc8 15.
Qd2 a6 16.Nd4 Nd6 17.f3 Nxd4 18.Bxd4 Bxd4+ 19.Qxd4 Bc6 20.Rfd1 Qa5 21.a4 
Qg5 22.g3 Qh6 23.b4 Rad8 24.Qf2 Rc8 25.Rb1 1/2-1/2

[Event "6th EUR-ch (w)"]
[Site "Chisinau MDA"]
[Date "2005.06.16"]
[Round "6"]
[White "Tsereteli, Tamara"]
[Black "Pahtz, Elisabeth"]
[Result "1/2-1/2"]
[WhiteElo "2273"]
[BlackElo "2407"]
[EventDate "2005.06.10"]
[PlyCount "28"]

1.e4 c5 2.Nf3 e6 3.d4 cxd4 4.Nxd4 a6 5.Nc3 Qc7 6.Bd3 Nf6 7.O-O Nc6 8.Be3 
h5 9.h3 Bd6 10.Nxc6 dxc6 11.f4 e5 12.f5 Bd7 13.a4 Ke7 14.a5 Rag8 1/2-1/2

[Event "6th EUR-ch (w)"]
[Site "Chisinau MDA"]
[Date "2005.06.16"]
[Round "6"]
[White "Foisor, Cristina"]
[Black "Vozovic, Oksana"]
[Result "1-0"]
[WhiteElo "2406"]
[BlackElo "2288"]
[EventDate "2005.06.10"]
[PlyCount "93"]

1.Nf3 g6 2.c4 Bg7 3.Nc3 e5 4.d4 d6 5.dxe5 dxe5 6.Qxd8+ Kxd8 7.Bg5+ f6 8.
O-O-O+ Nd7 9.Bd2 Nh6 10.e3 a5 11.Be2 c6 12.Ne4 Kc7 13.Bc3 Nf7 14.g4 Nb6 
15.g5 f5 16.Nf6 e4 17.Ne5 Bxf6 18.gxf6 Be6 19.b3 a4 20.Kb2 axb3 21.axb3 
Rad8 22.Ra1 Nd7 23.Nxf7 Bxf7 24.Ra7 c5 25.f3 Kc6 26.fxe4 fxe4 27.Rf1 Rhe8 
28.Ba5 Rb8 29.Kc2 h5 30.h4 Re6 31.Bc3 Rf8 32.Rf4 Rfe8 33.Ra1 Kc7 34.Bf1 
Nb8 35.Ba5+ b6 36.Be1 Nc6 37.Bg3 Kb7 38.Be1 Kc7 39.Bg2 Kb7 40.Kb2 Kc7 41.
Bg3 Kb7 42.Rd1 Nb8 43.Kc3 Ka6 44.Rf2 Kb7 45.Bh3 Re5 46.Bxe5 Rxe5 47.Rd8 
1-0

[Event "6th EUR-ch (w)"]
[Site "Chisinau MDA"]
[Date "2005.06.16"]
[Round "6"]
[White "Dembo, Yelena"]
[Black "Vasilevich, Irina"]
[Result "1/2-1/2"]
[WhiteElo "2402"]
[BlackElo "2347"]
[EventDate "2005.06.10"]
[PlyCount "99"]

1.e4 c5 2.Nf3 e6 3.d3 Nc6 4.g3 d6 5.Bg2 g6 6.O-O Bg7 7.c3 e5 8.a3 Nge7 9.
b4 O-O 10.b5 Nb8 11.Bb2 a6 12.bxa6 Rxa6 13.Nbd2 Nbc6 14.h3 Be6 15.Rb1 h6 
16.Qe2 Qd7 17.Kh2 f5 18.Rfd1 f4 19.Nf1 Ra4 20.Qc2 Raa8 21.Qe2 Rf7 22.d4 
exd4 23.cxd4 cxd4 24.g4 Ba2 25.Ra1 Bb3 26.Rd2 Qe6 27.Kg1 Nc8 28.Rc1 Ra4 
29.Qd3 Bc4 30.Qc2 Bb3 31.Qd3 Bc4 32.Qc2 b5 33.Nxd4 Nxd4 34.Bxd4 Bxd4 35.
Rxd4 f3 36.Bh1 Rxa3 37.Nd2 Nb6 38.Qb2 Ra2 39.Qb4 d5 40.Qb1 Rxd2 41.Rxd2 
dxe4 42.Re1 Rf4 43.Bxf3 Rxf3 44.Rxe4 Qc6 45.Rd8+ Kf7 46.Qb4 Kg7 47.Ree8 
Qf6 48.Qa5 Rg3+ 49.fxg3 Qf1+ 50.Kh2 1/2-1/2

[Event "6th EUR-ch (w)"]
[Site "Chisinau MDA"]
[Date "2005.06.16"]
[Round "6"]
[White "Lomineishvili, Maia"]
[Black "Schuurman, Petra"]
[Result "1-0"]
[WhiteElo "2396"]
[BlackElo "2288"]
[EventDate "2005.06.10"]
[PlyCount "37"]

1.d4 Nf6 2.Nf3 c5 3.d5 g6 4.c4 b5 5.cxb5 a6 6.e3 axb5 7.Bxb5 Qa5+ 8.Nc3 
Ne4 9.a4 Bg7 10.Bd2 Nxd2 11.Nxd2 Ba6 12.O-O Bxb5 13.axb5 Qxa1 14.Qxa1 Rxa1
15.Rxa1 f5 16.Ra8 Kf7 17.Nc4 d6 18.b6 Rd8 19.Nb5 1-0

[Event "6th EUR-ch (w)"]
[Site "Chisinau MDA"]
[Date "2005.06.16"]
[Round "6"]
[White "Velikhanli, Firuza"]
[Black "Vasylevich, Tatiana"]
[Result "1/2-1/2"]
[WhiteElo "2303"]
[BlackElo "2395"]
[EventDate "2005.06.10"]
[PlyCount "69"]

1.e4 c5 2.c3 d5 3.exd5 Qxd5 4.d4 Nf6 5.Nf3 e6 6.Na3 Qd8 7.Bf4 Nc6 8.dxc5 
Nd5 9.Bd6 Bxd6 10.cxd6 Qxd6 11.Nb5 Qe7 12.c4 a6 13.cxd5 exd5+ 14.Qe2 axb5 
15.Qxe7+ Kxe7 16.Bxb5 Nb4 17.Kd2 Rxa2 18.Rxa2 Nxa2 19.Ra1 Nb4 20.Kc3 Na6 
21.Bxa6 bxa6 22.Kd4 Rd8 23.Ne5 Bb7 24.Nd3 Rd6 25.Nc5 Bc8 26.b3 Rh6 27.h3 
Rg6 28.g3 Bxh3 29.Nxa6 Be6 30.Nb4 Rf6 31.Ra7+ Kd6 32.Ra6+ Kd7 33.Ra7+ Kd6 
34.Ra6+ Kd7 35.Ra7+ 1/2-1/2

[Event "6th EUR-ch (w)"]
[Site "Chisinau MDA"]
[Date "2005.06.16"]
[Round "6"]
[White "Grabuzova, Tatiana"]
[Black "Pokorna, Regina"]
[Result "1-0"]
[WhiteElo "2327"]
[BlackElo "2374"]
[EventDate "2005.06.10"]
[PlyCount "99"]

1.d4 Nf6 2.c4 e6 3.g3 d5 4.Bg2 Be7 5.Nf3 O-O 6.O-O dxc4 7.Qc2 a6 8.a4 Nc6 
9.Qxc4 Qd5 10.Qxd5 exd5 11.Bf4 Bd6 12.Bxd6 cxd6 13.Nc3 Bd7 14.Rfd1 Rac8 
15.Ne1 Rfe8 16.Nc2 Bf5 17.Ne3 Be4 18.Bh3 Rcd8 19.Rac1 Kf8 20.Nxe4 dxe4 21.
d5 Nb4 22.Rd4 a5 23.Rc7 Rb8 24.Kf1 g6 25.Rc1 b5 26.b3 Re5 27.Rc8+ Rxc8 28.
Bxc8 bxa4 29.bxa4 Re7 30.Nc4 Rc7 31.Nxa5 Nfxd5 32.Bb7 Rc5 33.Nb3 Rc3 34.
Rxd5 Rxb3 35.Rb5 Rb1+ 36.Kg2 f5 37.a5 Ra1 38.Rxb4 Rxa5 39.f3 exf3+ 40.Bxf3
Kg7 41.Rb7+ Kf6 42.Rxh7 d5 43.Rd7 Ke6 44.Rxd5 Rxd5 45.Bxd5+ Kxd5 46.Kf3 g5
47.h4 gxh4 48.gxh4 Ke5 49.h5 Kf6 50.Kf4 1-0

[Event "6th EUR-ch (w)"]
[Site "Chisinau MDA"]
[Date "2005.06.16"]
[Round "6"]
[White "Muzychuk, Maria"]
[Black "Gaponenko, Inna"]
[Result "0-1"]
[WhiteElo "2059"]
[BlackElo "2482"]
[EventDate "2005.06.10"]
[PlyCount "40"]

1.e4 c5 2.c4 Nc6 3.Ne2 Nf6 4.Nbc3 e6 5.d4 d5 6.exd5 exd5 7.Bf4 dxc4 8.dxc5
Bxc5 9.Qxd8+ Nxd8 10.Nb5 Ne6 11.Nd6+ Ke7 12.Nxc4 Nxf4 13.Nxf4 Re8 14.Be2 
Kf8 15.Nd3 Be6 16.Nd2 Bb6 17.O-O Rad8 18.Nf3 Bc4 19.Nfe5 Bxd3 20.Nxd3 Rxe2
0-1

[Event "6th EUR-ch (w)"]
[Site "Chisinau MDA"]
[Date "2005.06.16"]
[Round "6"]
[White "Kostiuk, Tatiana"]
[Black "Socko, Monika"]
[Result "1-0"]
[WhiteElo "2313"]
[BlackElo "2464"]
[EventDate "2005.06.10"]
[PlyCount "87"]

1.d4 Nf6 2.Nf3 g6 3.g3 Bg7 4.Bg2 d6 5.c4 O-O 6.Nc3 Bg4 7.h3 Bxf3 8.exf3 
Nfd7 9.f4 Nc6 10.Be3 Nb6 11.b3 e6 12.a4 e5 13.fxe5 dxe5 14.d5 Nd4 15.O-O 
c5 16.dxc6 bxc6 17.a5 Nd7 18.Ne2 Nc5 19.b4 Nce6 20.Bxd4 exd4 21.Nc1 Rc8 
22.Nd3 Re8 23.Qa4 Qd6 24.Rfe1 h5 25.h4 Bf6 26.Ra2 Ng7 27.Rxe8+ Nxe8 28.Re2
Kf8 29.Re1 Ng7 30.Bh3 Rc7 31.Qd1 Ne8 32.Qf3 Qd8 33.Nc5 Kg7 34.a6 Nd6 35.
Bf1 Rc8 36.Qf4 Rb8 37.Re6 Ne8 38.Nb7 Qc8 39.Rxc6 Qxc6 40.Qxb8 Qxa6 41.Nc5 
Qc6 42.Bg2 Qb6 43.Qxe8 Qxb4 44.Bd5 1-0

[Event "6th EUR-ch (w)"]
[Site "Chisinau MDA"]
[Date "2005.06.16"]
[Round "6"]
[White "Kochetkova, Yulia"]
[Black "Sedina, Elena"]
[Result "1-0"]
[WhiteElo "2311"]
[BlackElo "2422"]
[EventDate "2005.06.10"]
[PlyCount "65"]

1.e4 e6 2.d4 d5 3.Nd2 c5 4.exd5 exd5 5.Ngf3 Nc6 6.Bb5 Bd6 7.dxc5 Bxc5 8.
O-O Ne7 9.Bd3 O-O 10.Nb3 Bd6 11.Re1 h6 12.h3 Nf5 13.Bxf5 Bxf5 14.Nbd4 Be4 
15.Nb5 Bxf3 16.Qxf3 Qa5 17.Qe2 Be5 18.Bd2 Qb6 19.Rab1 Rad8 20.c3 a6 21.Na3
Bb8 22.Nc2 Qc7 23.g3 Qd7 24.Kg2 Rfe8 25.Qh5 d4 26.cxd4 Nxd4 27.Nxd4 Qxd4 
28.Bc3 Qc4 29.Rbd1 Ba7 30.Re7 Qc6+ 31.Kh2 Rxe7 32.Rxd8+ Re8 33.Qe5 1-0

[Event "6th EUR-ch (w)"]
[Site "Chisinau MDA"]
[Date "2005.06.16"]
[Round "6"]
[White "Zielinska, Marta"]
[Black "Rohonyan, Kateryna"]
[Result "1-0"]
[WhiteElo "2419"]
[BlackElo "2309"]
[EventDate "2005.06.10"]
[PlyCount "93"]

1.d4 c5 2.d5 Nf6 3.Nf3 g6 4.Nc3 d6 5.e4 Bg7 6.Be2 O-O 7.O-O Bg4 8.Nd2 Bxe2
9.Qxe2 Nfd7 10.a4 Na6 11.Nc4 Nb6 12.Ne3 Nc7 13.Rd1 Qd7 14.a5 Nc8 15.Nc4 
Rb8 16.Na3 b5 17.axb6 Nxb6 18.Bf4 a6 19.e5 dxe5 20.Be3 Rfc8 21.Ne4 Na4 22.
b3 f5 23.d6 Ne6 24.Ng5 Nb6 25.Nc4 Nd4 26.Bxd4 cxd4 27.Nxe5 Bxe5 28.Qxe5 
Qxd6 29.Qxd6 exd6 30.Rxd4 Rxc2 31.Rxd6 Rb2 32.h4 Rxb3 33.Rxa6 Nc4 34.Rd7 
R3b7 35.Nxh7 Rxd7 36.Nf6+ Kf7 37.Nxd7 Rc8 38.g3 Rc7 39.Nf6 Ne5 40.Nd5 Rc1+
41.Kg2 Rc2 42.Ra7+ Kf8 43.Nf4 Ng4 44.Nh3 Ne5 45.h5 gxh5 46.Ra5 Re2 47.Nf4 
1-0

[Event "6th EUR-ch (w)"]
[Site "Chisinau MDA"]
[Date "2005.06.16"]
[Round "6"]
[White "Melnikova, Yana"]
[Black "Sebag, Marie"]
[Result "0-1"]
[WhiteElo "2301"]
[BlackElo "2417"]
[EventDate "2005.06.10"]
[PlyCount "60"]

1.e4 c5 2.Nf3 d6 3.d4 cxd4 4.Nxd4 Nf6 5.Nc3 a6 6.Be3 e6 7.f3 Nbd7 8.Qd2 b5
9.g4 h6 10.O-O-O Bb7 11.h4 b4 12.Na4 Qa5 13.b3 Nc5 14.a3 Nxa4 15.axb4 Qc7 
16.bxa4 Nd7 17.Nb3 d5 18.Rh3 Rc8 19.Bd3 Bd6 20.Kb1 Nb6 21.exd5 Bxd5 22.
Bxa6 Nc4 23.Bb5+ Ke7 24.Bxc4 Qxc4 25.Bc5 Bxc5 26.bxc5 Rxc5 27.f4 Rhc8 28.
Rh2 Qxa4 29.Qd4 Rc4 30.Qxg7 Be4 0-1

[Event "6th EUR-ch (w)"]
[Site "Chisinau MDA"]
[Date "2005.06.16"]
[Round "6"]
[White "Korbut, Ekaterina"]
[Black "Ovod, Evgenia"]
[Result "1/2-1/2"]
[WhiteElo "2399"]
[BlackElo "2305"]
[EventDate "2005.06.10"]
[PlyCount "249"]

1.e4 c5 2.Nf3 e6 3.d4 cxd4 4.Nxd4 Nc6 5.Nb5 d6 6.c4 Nf6 7.N1c3 a6 8.Na3 d5
9.exd5 exd5 10.cxd5 Nb4 11.Bc4 Bg4 12.Qd4 b5 13.O-O bxc4 14.Bg5 Nbxd5 15.
Rfe1+ Be6 16.Nxd5 Qxd5 17.Bxf6 Qxd4 18.Bxd4 Bxa3 19.bxa3 O-O 20.Rac1 Rfd8 
21.Bc3 Rd3 22.f3 Rc8 23.Re2 Rc6 24.Rb2 h5 25.Kf2 Kh7 26.a4 Bd5 27.a5 Re6 
28.Rb6 g5 29.h3 Kg6 30.Bb4 g4 31.hxg4 hxg4 32.fxg4 Kg5 33.Rc2 Kxg4 34.Rd2 
Rxd2+ 35.Bxd2 Kf5 36.Rxe6 fxe6 37.Ke3 Bxg2 38.Bc3 e5 39.Bb2 Ke6 40.Ba1 Kd5
41.Bc3 Bh3 42.Bb2 Bg4 43.Bc3 Bf5 44.Bb2 Be6 45.Bc3 Bd7 46.Bb2 Bc8 47.Bc3 
Bb7 48.Bb2 Ba8 49.Bc3 Bc6 50.Bb2 Bb5 51.Bc3 Ba4 52.Bb2 Be8 53.Bc3 Bf7 54.
Bb2 Bg8 55.Bc3 Bh7 56.Bb2 Bg6 57.Bc3 Bd3 58.Bb2 Bb1 59.a3 Bc2 60.Bc3 Bb3 
61.Bb2 Ba4 62.Bc3 Bb5 63.Bb2 Bc6 64.Bc3 Ba8 65.Bb2 Bb7 66.Bc3 Bc8 67.Bb2 
Bd7 68.Bc3 Be6 69.Bb2 Bh3 70.Bc3 Bg4 71.Bb2 Bh5 72.Bc3 Bf7 73.Bb2 Bg8 74.
Bc3 Bh7 75.Bb2 Bd3 76.Bc3 e4 77.Bd4 Kc6 78.Kd2 Kb5 79.Bb6 Ka4 80.Kc3 Kxa3 
81.Be3 Ka4 82.Bb6 Kb5 83.Kd2 Kb4 84.Bc7 c3+ 85.Kc1 Bb5 86.Bd6+ Kc4 87.Be5 
Ba4 88.Bf6 Kb4 89.Bd4 Bb3 90.Bb6 Kc4 91.Bf2 Kd3 92.Bh4 Ba4 93.Bg3 Kd4 94.
Bh4 Kd3 95.Bg3 e3 96.Bh4 Kd4 97.Bf6+ Kc4 98.Bg5 Kd3 99.Bh4 Bd7 100.Bf6 Bf5
101.Bh4 Kd4 102.Bf6+ Kc4 103.Bg5 Kd3 104.Bh4 Ke2 105.Bf6 c2 106.Bh4 Kf1 
107.Bg3 Kg2 108.Bh4 Kh3 109.Be1 Bd3 110.Bb4 Kg3 111.Be1+ Kg4 112.Bb4 Kf3 
113.Be1 Kg2 114.Bh4 e2 115.Kd2 Kf3 116.Be1 Kg4 117.Bf2 Kh3 118.Be1 Kg2 
119.Bh4 Kf1 120.Bg3 Bf5 121.Bh4 e1=Q+ 122.Bxe1 c1=Q+ 123.Kxc1 Kxe1 124.Kb2
Kd2 125.Ka1 1/2-1/2

[Event "6th EUR-ch (w)"]
[Site "Chisinau MDA"]
[Date "2005.06.16"]
[Round "6"]
[White "Peng Zhaoqin"]
[Black "Mamedyarova, Zeinab"]
[Result "1-0"]
[WhiteElo "2392"]
[BlackElo "2286"]
[EventDate "2005.06.10"]
[PlyCount "139"]

1.d4 d5 2.c4 e6 3.Nf3 c5 4.cxd5 exd5 5.g3 Nf6 6.Bg2 Be7 7.O-O O-O 8.Nc3 
Nc6 9.Bg5 cxd4 10.Nxd4 Qb6 11.Nb3 Be6 12.Be3 Qb4 13.Rc1 Rfd8 14.a3 Qd6 15.
Nb5 Qd7 16.N5d4 Ne5 17.Nxe6 fxe6 18.Bc5 Bxc5 19.Nxc5 Qe7 20.Qd4 Nc4 21.
Rfd1 Rac8 22.Nd3 b6 23.Ne5 Nxe5 24.Qxe5 Nd7 25.Qe3 Qd6 26.Bh3 Nf8 27.f4 
Qd7 28.Qe5 g6 29.Bg4 Rxc1 30.Rxc1 Rc8 31.Rd1 Rc6 32.e4 Rd6 33.exd5 Qd8 34.
Rd4 Qc7 35.Kg2 h5 36.Bd1 Qd8 37.Bf3 Kh7 38.Be4 Qe7 39.Qxh5+ Kg8 40.Qg4 Qf6
41.Rd2 exd5 42.Bxd5+ Kg7 43.Qe2 Nd7 44.Bf3 Rxd2 45.Qxd2 Nc5 46.b4 Ne6 47.
h4 Nd4 48.Qc3 Qd6 49.Be4 a6 50.Kf2 Qf6 51.Bd3 b5 52.Be4 Kh6 53.Bf3 Qd8 54.
Be4 Nf5 55.Kg2 Qe8 56.Qc6 Qf8 57.Qe6 Ne7 58.h5 Qd8 59.Bf3 Qd2+ 60.Kh3 Qd8 
61.hxg6 Qc8 62.Qxc8 Nxc8 63.Be4 Nd6 64.Bd3 Nc4 65.g4 Nxa3 66.g5+ Kg7 67.f5
Nc4 68.f6+ Kf8 69.g7+ Kg8 70.Bf5 1-0

[Event "6th EUR-ch (w)"]
[Site "Chisinau MDA"]
[Date "2005.06.16"]
[Round "6"]
[White "Kursova, Maria"]
[Black "Vajda, Szidonia"]
[Result "1/2-1/2"]
[WhiteElo "2300"]
[BlackElo "2391"]
[EventDate "2005.06.10"]
[PlyCount "59"]

1.d4 d5 2.Nf3 e6 3.c4 c6 4.e3 Nf6 5.Nc3 Nbd7 6.Qc2 Bd6 7.Bd3 O-O 8.O-O 
dxc4 9.Bxc4 a6 10.Rd1 b5 11.Be2 Qc7 12.e4 e5 13.g3 Re8 14.dxe5 Nxe5 15.Bg5
Nxf3+ 16.Bxf3 Ng4 17.Bg2 h6 18.Bc1 Bc5 19.Rf1 Be6 20.Bf4 Ne5 21.b3 g5 22.
Bc1 Rad8 23.Nd1 Bd4 24.Bb2 g4 25.Qe2 Qd6 26.Nc3 Nd3 27.Nd1 Ne5 28.Nc3 Nd3 
29.Nd1 Ne5 30.Nc3 1/2-1/2

[Event "6th EUR-ch (w)"]
[Site "Chisinau MDA"]
[Date "2005.06.16"]
[Round "6"]
[White "Hagarova, Zuzana"]
[Black "Gvetadze, Sopio"]
[Result "1/2-1/2"]
[WhiteElo "2386"]
[BlackElo "2283"]
[EventDate "2005.06.10"]
[PlyCount "74"]

1.e4 Nf6 2.e5 Nd5 3.d4 d6 4.Nf3 g6 5.Bc4 c6 6.O-O Bg7 7.Re1 O-O 8.exd6 
Qxd6 9.Bg5 Re8 10.Nbd2 Bf5 11.c3 Nd7 12.Ne4 Qc7 13.Qd2 N7f6 14.Ng3 Rad8 
15.Nxf5 gxf5 16.Bh6 Bxh6 17.Qxh6 Qf4 18.Ng5 Qxf2+ 19.Kh1 Qxb2 20.Rad1 Qxc3
21.Bb3 a5 22.Rf1 a4 23.Bxa4 Ne3 24.Bb3 Rd5 25.Rf3 Nxd1 26.Rxc3 Nxc3 27.Nf3
Nce4 28.Bxd5 Nxd5 29.Ng5 Ndf6 30.h3 Ra8 31.Nxe4 fxe4 32.Qf4 Kf8 33.Qc7 
Rxa2 34.Qb8+ Ne8 35.Qe5 Nf6 36.Qb8+ Ne8 37.Qe5 Nf6 1/2-1/2

[Event "6th EUR-ch (w)"]
[Site "Chisinau MDA"]
[Date "2005.06.16"]
[Round "6"]
[White "Guseva, Marina"]
[Black "Collas, Silvia"]
[Result "0-1"]
[WhiteElo "2264"]
[BlackElo "2381"]
[EventDate "2005.06.10"]
[PlyCount "64"]

1.d4 Nf6 2.Nf3 e6 3.e3 b6 4.Bd3 Bb7 5.Nbd2 c5 6.b3 cxd4 7.exd4 Nd5 8.O-O 
Nf4 9.Bc4 b5 10.Be2 Qf6 11.c3 Bd6 12.Re1 g5 13.Bf1 Qf5 14.Ne5 h5 15.f3 Nc6
16.Ne4 Be7 17.Bxb5 Nxe5 18.dxe5 Rd8 19.Bxf4 gxf4 20.Qd4 Rg8 21.Kh1 Kf8 22.
Bd3 Bxe4 23.Bxe4 Qg5 24.Re2 d6 25.exd6 Rxd6 26.Qxa7 Qe5 27.Rc2 f5 28.Ba8 
Kf7 29.Rg1 Rgd8 30.c4 R6d7 31.Qa6 Bc5 32.Bd5 Bxg1 0-1

[Event "6th EUR-ch (w)"]
[Site "Chisinau MDA"]
[Date "2005.06.16"]
[Round "6"]
[White "Bojkovic, Natasa"]
[Black "Zakurdyaeva, Irina"]
[Result "0-1"]
[WhiteElo "2371"]
[BlackElo "2260"]
[EventDate "2005.06.10"]
[PlyCount "136"]

1.e4 c5 2.Nf3 d6 3.d4 cxd4 4.Nxd4 Nf6 5.Nc3 a6 6.Be2 e5 7.Nb3 Be6 8.f4 
exf4 9.Bxf4 Nc6 10.O-O Be7 11.Kh1 O-O 12.Nd4 Qd7 13.Nxe6 Qxe6 14.Nd5 Rad8 
15.Bd3 Ne5 16.Nxe7+ Qxe7 17.Bg5 Ned7 18.b3 Rc8 19.Qf3 Qe6 20.Rae1 Ne5 21.
Qg3 Nfd7 22.Bc1 Nc5 23.Bb2 Ncxd3 24.cxd3 Rc2 25.Rb1 Rfc8 26.d4 Ng6 27.e5 
d5 28.h3 h5 29.Rf2 h4 30.Qf3 Ne7 31.Rbf1 g6 32.Qd3 Rxf2 33.Rxf2 Nf5 34.Kh2
Rc6 35.Bc3 Qc8 36.Rf3 b5 37.a3 Qd8 38.Qd2 Qc7 39.Ba5 Qa7 40.Qg5 Qd7 41.Bc3
Qe7 42.Qg4 Qe6 43.Be1 Rc1 44.Bxh4 Qc8 45.Bf2 Qc2 46.Qg5 Qb1 47.Rxf5 Rh1+ 
48.Kg3 Qxf5 49.Qd8+ Kh7 50.Be3 Re1 51.Qh4+ Qh5 52.Qf4 g5 53.Qf5+ Qg6 54.
Qf2 Rb1 55.Kh2 Kg7 56.Bd2 Rxb3 57.Bb4 g4 58.hxg4 Qh6+ 59.Kg1 Qe3 60.Qxe3 
Rxe3 61.Kf2 Rd3 62.Bc5 Kg6 63.Ke2 Rg3 64.Kf2 Rb3 65.Be7 Rd3 66.Bc5 Kg5 67.
Ke2 Rg3 68.Kf2 Rb3 0-1

[Event "6th EUR-ch (w)"]
[Site "Chisinau MDA"]
[Date "2005.06.16"]
[Round "6"]
[White "Hryhorenko, Natalia"]
[Black "Ciuksyte, Dagne"]
[Result "1/2-1/2"]
[WhiteElo "2294"]
[BlackElo "2356"]
[EventDate "2005.06.10"]
[PlyCount "147"]

1.d4 Nf6 2.Nf3 e6 3.Bg5 c5 4.e3 Be7 5.Nbd2 b6 6.c3 Bb7 7.Bd3 cxd4 8.cxd4 
Nc6 9.a3 Nd5 10.Bxe7 Qxe7 11.O-O O-O 12.Re1 f5 13.Rc1 Rac8 14.b4 a5 15.b5 
Na7 16.Qb3 Rxc1 17.Rxc1 Rc8 18.Rxc8+ Nxc8 19.Ne5 Qd6 20.Ndc4 Qc7 21.Be2 
Nf6 22.Qb2 Ne4 23.f3 Nf6 24.Nd2 Nd6 25.Kf2 Nd5 26.Bd3 Nc3 27.Qc2 Ndxb5 28.
a4 Nd6 29.Nb1 Nd5 30.Qxc7 Nxc7 31.Nxd7 Nd5 32.Ne5 Kf8 33.Ke2 Nf7 34.Nc4 
Bc6 35.Bc2 Ke7 36.Kd2 Kd7 37.Nc3 Nxc3 38.Kxc3 Kc7 39.Bb3 Bd7 40.e4 fxe4 
41.fxe4 Nd6 42.Nd2 Bc6 43.e5 Nf5 44.Bxe6 Ne7 45.Bb3 Bxg2 46.Kd3 Nc6 47.Ne4
h6 48.Ng3 g6 49.Bf7 Ne7 50.Ne4 Bf1+ 51.Kc3 Kc6 52.Nf6 Bg2 53.Be8+ Kc7 54.
Kd3 g5 55.Ng4 Kd8 56.Bf7 Bc6 57.Nxh6 Bxa4 58.Bc4 b5 59.Ba2 Nc6 60.Ke4 Bc2+
61.Ke3 b4 62.Nf7+ Ke7 63.Nxg5 b3 64.Bxb3 Bxb3 65.Ne4 Nb4 66.Kd2 Bc4 67.Kc3
Be2 68.Nc5 Nd5+ 69.Kb3 Bb5 70.Ka3 Ne3 71.Nb7 Nc4+ 72.Kb3 a4+ 73.Ka2 Ke6 
74.Nd6 1/2-1/2

[Event "6th EUR-ch (w)"]
[Site "Chisinau MDA"]
[Date "2005.06.16"]
[Round "6"]
[White "Paulet, Iozefina"]
[Black "Zdebskaya, Natalia"]
[Result "0-1"]
[WhiteElo "2051"]
[BlackElo "2344"]
[EventDate "2005.06.10"]
[PlyCount "50"]

1.b3 e5 2.Bb2 d6 3.e3 Nc6 4.Nf3 e4 5.Nd4 Nxd4 6.Bxd4 Be6 7.d3 d5 8.dxe4 
dxe4 9.Nd2 Nf6 10.Be2 Be7 11.O-O O-O 12.Rc1 Bf5 13.Nc4 Qc8 14.Be5 Rd8 15.
Qe1 Nd5 16.f3 Qe6 17.fxe4 Bxe4 18.Qg3 f6 19.Bg4 Qc6 20.Bd4 Nb4 21.Rf4 Nxc2
22.Bb2 Bg6 23.Na3 Bxa3 24.Bxa3 Qb6 25.Be7 Re8 0-1

[Event "6th EUR-ch (w)"]
[Site "Chisinau MDA"]
[Date "2005.06.16"]
[Round "6"]
[White "Zozulia, Anna"]
[Black "Ionescu, Irina"]
[Result "1-0"]
[WhiteElo "2343"]
[BlackElo "2252"]
[EventDate "2005.06.10"]
[PlyCount "167"]

1.e4 e5 2.Nf3 Nf6 3.Nxe5 d6 4.Nf3 Nxe4 5.d4 d5 6.Bd3 Bd6 7.O-O O-O 8.c4 c6
9.cxd5 cxd5 10.Nc3 Nxc3 11.bxc3 Bg4 12.Rb1 b6 13.h3 Bh5 14.a4 Nc6 15.Re1 
Rc8 16.Bf5 Rc7 17.Qd3 Bg6 18.Rb5 Re7 19.Rd1 Re4 20.Rxd5 Bh2+ 21.Kxh2 Qxd5 
22.Bxe4 Bxe4 23.Qe2 Bxf3 24.Qxf3 Qxf3 25.gxf3 Rd8 26.Bf4 Rd5 27.Kg3 f6 28.
Be3 Kf7 29.c4 Ra5 30.Ra1 Rh5 31.f4 Ke7 32.d5 Na5 33.Kg4 g6 34.Rc1 Kd7 35.
Rc2 Nb7 36.Bd4 Rf5 37.h4 Kd6 38.Re2 h5+ 39.Kg3 Nc5 40.Bxc5+ Kxc5 41.Rd2 
Kd6 42.a5 g5 43.axb6 axb6 44.Rd4 Kd7 45.fxg5 fxg5 46.hxg5 Rxg5+ 47.Kf4 Rg2
48.Kf3 Rg1 49.Rh4 Rc1 50.Ke3 Kd6 51.Kd2 Rf1 52.Ke2 Rc1 53.Kd3 Rd1+ 54.Ke4 
b5 55.Rxh5 bxc4 56.Rh6+ Kd7 57.Rc6 Rf1 58.f4 Re1+ 59.Kd4 Rf1 60.Ke5 Rc1 
61.Rd6+ Ke7 62.Ra6 Re1+ 63.Kd4 Rf1 64.Re6+ Kd7 65.Re4 Rc1 66.f5 c3 67.Re2 
Rf1 68.Ke5 Rc1 69.f6 c2 70.d6 Ra1 71.Rxc2 Ra5+ 72.Kf4 Kxd6 73.Re2 Kd7 74.
Re5 Ra1 75.Kf5 Rf1+ 76.Kg6 Rg1+ 77.Rg5 Rf1 78.Kf7 Kd6 79.Rg2 Ke5 80.Re2+ 
Kd6 81.Rd2+ Ke5 82.Ke7 Ra1 83.f7 Ra7+ 84.Rd7 1-0

[Event "6th EUR-ch (w)"]
[Site "Chisinau MDA"]
[Date "2005.06.16"]
[Round "6"]
[White "Skripchenko, Almira"]
[Black "Rudolf, Anna"]
[Result "1-0"]
[WhiteElo "2453"]
[BlackElo "2210"]
[EventDate "2005.06.10"]
[PlyCount "73"]

1.e4 g6 2.d4 Bg7 3.Nc3 c6 4.f4 d5 5.e5 Nh6 6.Be3 O-O 7.Qd2 f6 8.O-O-O e6 
9.Nf3 c5 10.dxc5 Nc6 11.Bb5 Ng4 12.Bxc6 bxc6 13.h3 Nxe3 14.Qxe3 Qc7 15.
Rhe1 Bd7 16.g3 Rae8 17.h4 Re7 18.Rd2 Bc8 19.Nd1 Ba6 20.Qa3 Bb5 21.Nf2 fxe5
22.Nxe5 Rf5 23.Nfg4 h5 24.Ne3 Rxe5 25.fxe5 Bxe5 26.Rg2 Bg7 27.g4 Qf4 28.
Kb1 Rb7 29.Nd1 e5 30.gxh5 Qxh4 31.Reg1 gxh5 32.Qe3 Kh7 33.Qf3 Qf6 34.Qxh5+
Kg8 35.Qe8+ Qf8 36.Qe6+ Qf7 37.Rxg7+ 1-0

[Event "6th EUR-ch (w)"]
[Site "Chisinau MDA"]
[Date "2005.06.16"]
[Round "6"]
[White "Moser, Eva"]
[Black "Calzetta Ruiz, Monica"]
[Result "1-0"]
[WhiteElo "2422"]
[BlackElo "2254"]
[EventDate "2005.06.10"]
[PlyCount "57"]

1.e4 c5 2.d3 g6 3.g3 Bg7 4.Bg2 Nc6 5.f4 d6 6.Nf3 Nf6 7.O-O O-O 8.h3 b5 9.
a4 bxa4 10.Rxa4 Rb8 11.Kh2 Nd7 12.Nc3 a5 13.Qe1 c4 14.Rxc4 Nb4 15.Nd5 Nxd5
16.exd5 Nb6 17.Rd4 Bb7 18.c4 Bxd4 19.Nxd4 Nd7 20.Bd2 a4 21.Qe3 Re8 22.f5 
Ne5 23.Qh6 Bc8 24.Bc3 Qc7 25.Be4 Bd7 26.Rf4 g5 27.f6 exf6 28.Qxh7+ Kf8 29.
Qh8+ 1-0

[Event "6th EUR-ch (w)"]
[Site "Chisinau MDA"]
[Date "2005.06.16"]
[Round "6"]
[White "Chulivska, Vita"]
[Black "Jackova, Jana"]
[Result "0-1"]
[WhiteElo "2262"]
[BlackElo "2406"]
[EventDate "2005.06.10"]
[PlyCount "86"]

1.e4 e5 2.Nf3 Nc6 3.Bb5 a6 4.Ba4 Nf6 5.d4 exd4 6.O-O Be7 7.Re1 b5 8.e5 
Nxe5 9.Rxe5 d6 10.Re1 bxa4 11.Nxd4 Qd7 12.Nc3 O-O 13.Qf3 d5 14.Bg5 Bb7 15.
Nf5 Bd8 16.Bh6 g6 17.Bxf8 Kxf8 18.Qf4 gxf5 19.Qh6+ Kg8 20.Re3 Ng4 21.Rg3 
d4 22.Ne2 Qe7 23.Nxd4 Qe5 24.Qh5 Qxd4 25.Qxf5 Bc8 26.Qf3 Rb8 27.Rd1 Qf6 
28.h3 Be6 29.hxg4 Qxf3 30.gxf3 Bg5 31.Rd4 Rxb2 32.f4 Bf6 33.Rxa4 Rxc2 34.
g5 Be7 35.Rxa6 Bc5 36.Rd3 Bxf2+ 37.Kh1 c6 38.Ra8+ Kg7 39.Kg2 Kg6 40.a4 Kf5
41.Ra5+ Kg4 42.Kh1 Kxf4 43.Rd6 Bc5 0-1

[Event "6th EUR-ch (w)"]
[Site "Chisinau MDA"]
[Date "2005.06.16"]
[Round "6"]
[White "Matnadze, Ana"]
[Black "Dolukhanova, Evgeniya"]
[Result "0-1"]
[WhiteElo "2376"]
[BlackElo "2251"]
[EventDate "2005.06.10"]
[PlyCount "108"]

1.d4 d5 2.Nf3 Nf6 3.c4 e6 4.e3 c6 5.Nbd2 Nbd7 6.Bd3 Be7 7.O-O O-O 8.e4 
dxe4 9.Nxe4 c5 10.Nxf6+ Bxf6 11.d5 exd5 12.cxd5 Nb6 13.Be4 Bg4 14.Qc2 Bxf3
15.gxf3 Bd4 16.Bxh7+ Kh8 17.Be4 Qh4 18.f4 Rad8 19.Qb3 f5 20.Bg2 Rf6 21.a4 
Rg6 22.Ra3 Rh6 23.Qg3 Qxg3 24.hxg3 Nxd5 25.Rb3 b6 26.Re1 Rhd6 27.Bf3 c4 
28.Ra3 Nb4 29.Re2 Nd3 30.Be3 Bf6 31.Ra2 Nb4 32.Ra1 Rd1+ 33.Rxd1 Rxd1+ 34.
Kh2 Rb1 35.Bd2 Rxb2 36.Bxb4 Rxb4 37.Bh5 Kh7 38.g4 g6 39.g5 gxh5 40.gxf6 
Kg6 41.Re7 Rxa4 42.f7 Kg7 43.Rc7 Ra3 44.Kg2 h4 45.f3 a5 46.Rb7 Rb3 47.Kh3 
c3 48.Kxh4 Rb5 49.Kg5 c2 50.f8=Q+ Kxf8 51.Kf6 Ke8 52.Ke6 Kd8 53.Kd6 Rd5+ 
54.Ke6 c1=Q 0-1